Escudos de times do Campeonato Paulista 2024 - Statistics

Estatísticas Gerais
  • Esse quiz foi jogado 118 vezes
  • A pontuação média é 9 de 16
Estatísticas das Respostas
Imagem Resposta % Correto
EC Água Santa
99%
SC Corinthians
84%
AA Internacional de Limeira
59%
SE Palmeiras
59%
EC Santo André
56%
Portuguesa
56%
RB Bragantino
56%
AA Ponte Preta
55%
Novorizontino
55%
Guarani FC
53%
Ituano FC
53%
Mirassol FC
53%
Santos FC
53%
São Bernardo FC
53%
São Paulo FC
53%
Botafogo FC
52%
Nenhum quiz correspondente encontrado
Distribuição das Pontuações
Porcentagem de Pessoas com Cada Pontuação
Percentil de Números Respondidos
Sua Pontuação Histórica
Você não jogou esse quiz